00623cas a22002177a 450000500170000000800410001701000100005801100100006802200140007803500110009224500660010324600070016926000560017630000070023231000120023936200190025165000460027086600270031686600310034386600310037420220329143031.0001017c jp mr pernn 0 b1eng d a90970 a91942 a0021-964X a10250504aThe Journal of Biochemistryc/by Japanese Biochemical Society aJB0 aTokyo, Japan:bJapanese Biochemical Society,c1922- av. aMensual av.112 n.3,199214aBioquímicaxPublicaciones periódicas. av.107 n.1-v.108 (1990) av.111 n.1-v.112 n.6 (1993) av.47 n.1-v.104 (1960-1988)